A strategy for the development of a large-scale pine plantation in Peninsular Malaysia

Bibliographic Details
Main Author: ABDUL Latiff bin Nordin
Format: Book
Published: (Manila, Philippines) : Asian Institute of Management , 1977
Subjects:

MARC

LEADER 00000cam a2200000 7i4500
001 0000000456
005 20140406.0
090 0 0 |a R THE634.9751095951   |b ABD 1977 
100 0 0 |a ABDUL Latiff bin Nordin 
245 1 2 |a A strategy for the development of a large-scale pine plantation in Peninsular Malaysia   |c Abdul Latiff bin Nordin 
260 0 0 |a (Manila, Philippines) :   |b Asian Institute of Management ,   |c 1977 
300 |a 129 p. :   |b maps ;   |c 28 cm. 
500 0 0 |a Bibliography: [p. 128-129] 
500 0 0 |a Master in Management (Asian Institute of Management, Phlippines], 1977 
650 0 0 |a Pine   |z Peninsular Malaysia 
998 |a JPSM 
999 |a 0000001712   |b Monograph   |c Open Shelf   |e Default branch 
999 |a 0000002255   |b Monograph   |c Thesis   |e Default branch 
999 |a 0000002258   |b Monograph   |c Thesis   |e Default branch